Comarcas de Galicia - Statistics

General Stats
  • This quiz has been taken 236 times
  • The average score is 40 of 53
Answer Stats
Comarca Capital % Correct
Arzúa Arzúa
99%
A Coruña A Coruña
98%
Allariz-Maceda Allariz
97%
Vigo Vigo
97%
Ferrol Ferrol
96%
Lugo Lugo
96%
Santiago Santiago de Compostela
96%
Ourense Ourense
95%
Betanzos Betanzos
94%
Fisterra Fisterra
94%
Noia Noia
94%
Verín Verín
94%
Chantada Chantada
93%
Muros Muros
93%
Ordes Ordes
92%
Sarria Sarria
92%
Caldas Caldas
91%
Terra de Melide Melide
91%
Carballiño O Carballiño
91%
Pontevedra Pontevedra
91%
Viana Viana do Bolo
91%
Fonsagrada Fonsagrada
90%
Terra de Celanova Celanova
89%
Terra de Lemos Monforte de Lemos
89%
O Morrazo Cangas do Morrazo
88%
A Limia Xinzo de Limia
88%
Valdeorras O Barco
86%
Quiroga Quiroga
84%
Meira Meira
82%
Mariña Occidental Viveiro
79%
Mariña Oriental Ribadeo
78%
Barbanza Riveira
76%
Ortegal Ortigueira
75%
Terra de Trives A Pobra de Trives
71%
Eume Pontedeume
71%
Deza Lalín
70%
O Salnés Vilagarcía de Arousa
68%
O Baixo Miño Tui
67%
Bergantiños Carballo
66%
Terra de Caldelas Castro Caldelas
64%
Terra Chá Vilalba
59%
Tabeirós - Terra de Montes A Estrada
52%
Ribeiro Ribadavia
52%
Mariña Central Mondoñedo
51%
O Sar Padrón
51%
O Condado Ponteareas
47%
Xallas Santa Comba
46%
Terra de Soneira Vimianzo
44%
A Paradanta A Cañiza
37%
A Barcala Negreira
36%
A Ulloa Monterroso
34%
Baixa Limia Bande
30%
Os Ancares Becerreá
27%
No matching quizzes found
Score Distribution
Percent of People with Each Score
Percentile by Number Answered
Your Score History
You have not taken this quiz